000 01137nam a22002657a 4500
003 PE SENCICO BE
005 20251020182651.0
008 240205b |||||||| |||| 00| 0 eng d
040 _aPE SENCICO BE
_cPE SENCICO BE
041 _aspa
084 _aI
_aDIS
_a2018
_bA45
100 1 _91934
_aAlvarez Serveleon, Wilber Segundo
_eautor
245 1 _aLos elementos visuales en el diseño de interiores de un coworking /
_cWilber Segundo Alvarez Serveleon
260 _aLima :
_c2018
300 _a69 h. :
_bil. col., tabls., plans.;
_c30 cm.
500 _aTexto en dos volúmenes. El volumen 2 contiene planos (40 x 60 cm.).
502 _aMonografía de Titulación.-- Servicio Nacional de Capacitación para la Industria de la Construcción. Escuela Superior Técnica. Carrera Profesional Técnica en Diseño de Interiores, 2018
650 1 0 _944
_aDiseño de interiores
650 2 0 _989
_aPercepción visual
650 2 0 _96
_aOficinas
650 2 0 _9615
_aPlanos
710 1 _aServicio Nacional de Capacitación para la Industria de la Construcción.
_bEscuela Superior Técnica
_91065
910 _bhfp
_chfp
942 _cMON
_2ddc
999 _c4550
_d4550